000 00675nam a2200193 u 4500
001 000023296
005 20200930022123.0
008 101201s1973 ck r 000 j spa d
040 _aDO-SdBNP
_bspa
_cBNPHU
082 _axxx
_bC355j
100 1 _aCastrillón Arboleda, Diego
_947974
245 1 0 _aJosé Tombé :
_bnovela /
_cDiego Castrillón Arboleda; prólogo Guillermo Valencia.
260 _aBogotá :
_bInstituto Colombiano de Cultura,
_c1973.
300 _a191 p. ;
_c17 cm.
490 0 _aBiblioteca Colombiana de Cultura. Popular;
_v119
700 1 _aValencia, Guillermo
_epról.
_947975
830 0 _aBiblioteca Colombiana de Cultura. Popular;
_947976
049 _aBNGR
999 _c22793
_d22793